LEADER 01013nam a2200265 i 4500 001 991004123029707536 008 090130s1997 it 0 ita d 020 $a8813207638 035 $ab1380618x-39ule_inst 040 $aSet. Economia - SAGA$bita 082 04$a658.4012 100 1 $aGolinelli, Gaetano M$03341 245 10$aReti finanza progetti /$cGaetano Golinelli, Luca Dezi 250 $aEd. parziale e provvisoria 260 $aPadova :$bCEDAM,$c1997 300 $avi, 127 p. ;$c24 cm 440 $aCollana di studi di tecnica aziendale ;$v36 650 4$aAziende$xOrganizzazione 700 1 $aDezi, Luca$eauthor$4http://id.loc.gov/vocabulary/relators/aut$0115525 907 $a.b1380618x$b28-01-14$c30-01-09 912 $a991004123029707536 945 $aLE025 ECO 658.4 GOL02.01$g1$i2025000185722$lle025$nProgetto 2009$o-$pE10.85$q-$rl$s- $t0$u1$v0$w1$x0$y.i14923853$z30-01-09 996 $aReti, finanza, progetti$952500 997 $aUNISALENTO 998 $ale025$b30-01-09$cm$da $e-$fita$git $h0$i0 LEADER 01551oam 2200433 a 450 001 9910697567003321 005 20080916133447.0 035 $a(CKB)5470000002389281 035 $a(OCoLC)58397057 035 $a(EXLCZ)995470000002389281 100 $a20050308d2005 ua 0 101 0 $aeng 135 $aurmn||||||||| 181 $ctxt$2rdacontent 182 $cc$2rdamedia 183 $acr$2rdacarrier 200 10$aChanges in composition and porosity occurring during the thermal degradation of wood and wood components$b[electronic resource] /$fby David W. Rutherford, Robert L. Wershaw, and Larry G. Cox 210 1$aReston, Va. :$cU.S. Dept. of the Interior, U.S. Geological Survey,$d2005. 215 $avi, 79 pages $cdigital, PDF file 225 1 $aScientific investigations report ;$v2004-5292 300 $aTitle from PDF title screen (viewed on Mar. 7, 2005). 320 $aIncludes bibliographical references (pages 31-32). 606 $aWood$xChemistry 606 $aThermal analysis 606 $aPyrolysis 615 0$aWood$xChemistry. 615 0$aThermal analysis. 615 0$aPyrolysis. 700 $aRutherford$b David W$01399110 701 $aWershaw$b R. L$01380672 701 $aCox$b Larry G$01399111 712 02$aGeological Survey (U.S.) 801 0$bGIS 801 1$bGIS 801 2$bGPO 906 $aBOOK 912 $a9910697567003321 996 $aChanges in composition and porosity occurring during the thermal degradation of wood and wood components$93463779 997 $aUNINA